[Event "North American-ch Juniors Open U20 2020"]
[Site "Charlotte"]
[Date "2020.12.21"]
[Round "5.8"]
[White "Chen, Ryo"]
[Black "Tello Chavez, Isaac Valent"]
[Result "1-0"]
[WhiteElo "2165"]
[BlackElo "2275"]
[Annotator "TA"]
[PlyCount "49"]
[EventDate "2020.12.06"]
[EventType "swiss"]
[EventCountry "USA"]
[SourceTitle "playchess.com"]
[Source "ChessBase"]
[SourceQuality "1"]

{[%evp 18,49,25,22,27,24,24,12,18,19,43,20,22,11,22,0,19,13,16,8,7,-1,-2,-29,15,16,0,11,11,10,566,559,550,545]} 1. e4 c6 2. d4 d5 3. Nd2 dxe4 4. Nxe4 Bf5 5. Ng3 Bg6 6. h4 h6 7. Nf3 e6 8. Ne5 Bh7 9. Bd3 Bxd3 10. Qxd3 Nd7 {B19: Classical Caro-Kann: 4...Bf5 main line.} 11. Bf4 Qa5+ 12. c3 Ngf6 {The position is equal. now scores much better than the old 12...Nxe5.} 13. Nc4 Qd5 14. Qe2 {[#]} Nb6 $146 ({Predecessor:} 14... Be7 15. O-O O-O 16. Rfd1 Rfd8 17. b4 Nb6 18. Ne5 Qb5 19. Qf3 a5 20. Bxh6 Qd5 21. bxa5 {½-½ (34) Iordachescu,V (2560)-Svetushkin,D (2486) Minsk 2000}) 15. Ne5 Qb5 16. Qc2 Qa6 17. Ne4 Nbd5 18. Bd2 Rd8 19. Nc5 Bxc5 20. dxc5 Nd7 21. Nxd7 Rxd7 ({Don't play} 21... Kxd7 22. c4 $16) 22. c4 {[#] Black must now prevent Rh3.} Ne7 23. Rh3 {aiming for Ra3.} Nf5 $2 {[%mdl 8192]} (23... b6 $11 {and Black has nothing to worry.}) 24. Ra3 $18 Nd4 25. Qc3 {Weighted Error Value: White=0.06/Black=0.59} 1-0

[Event "North American-ch Juniors Open U20 2020"]
[Site "Charlotte"]
[Date "2020.12.21"]
[Round "5.9"]
[White "Wu, Rochelle"]
[Black "Stearman, Josiah"]
[Result "0-1"]
[WhiteElo "2029"]
[BlackElo "2391"]
[Annotator "TA"]
[PlyCount "64"]
[EventDate "2020.12.06"]
[EventType "swiss"]
[EventCountry "USA"]
[SourceTitle "playchess.com"]
[Source "ChessBase"]
[SourceQuality "1"]

{[%evp 12,64,0,4,36,27,21,8,14,18,20,11,17,0,46,13,47,39,43,46,41,25,25,28,69,47,91,19,22,8,20,20,17,23,69,73,58,-120,-120,-158,-156,-155,-155,-154,-135,-200,-200,-198,-200,-260,-242,-1198,-1133,-5406,-5406]} 1. d4 Nf6 2. c4 e6 3. Nc3 Bb4 4. Qc2 O-O 5. a3 Bxc3+ 6. Qxc3 d5 7. Bg5 h6 {E36: Nimzo-Indian: Classical: 4...d5 5 a3.} 8. Bxf6 Qxf6 9. e3 c6 {The position is equal.} 10. Nf3 Nd7 11. Be2 dxc4 12. Bxc4 {[#]} b5 $146 ({Predecessor:} 12... b6 13. O-O Bb7 14. Rac1 Rfd8 15. b4 c5 16. dxc5 bxc5 17. Qxf6 gxf6 18. b5 Nb6 {½-½ (94) Rasulov,V (2478)-Le,Q (2709) chess.com INT 2020}) 13. Bd3 Bb7 (13... c5 $5) 14. Be4 a5 15. O-O Qe7 16. Rfc1 Rfc8 17. Nd2 e5 18. dxe5 (18. a4 {seems wilder.} exd4 19. exd4 bxa4 20. Rxa4 Nb6 21. Raa1) 18... b4 19. Qb3 (19. Qc2 $16) 19... Nxe5 $11 20. axb4 axb4 21. Rxa8 Rxa8 22. h3 Ra7 23. Qc2 $1 Ba6 24. f4 $2 {[#]} ({Avoid the trap} 24. Bxc6 $2 Rc7 $19) (24. Nb3 $1 $14 {stays ahead.}) 24... Nd3 $1 $17 {[%cal Rd3c1]} 25. Ra1 Bb5 26. Rxa7 Qxa7 27. Nf1 Nxf4 $1 28. Bxc6 (28. Kf2 $17) 28... Bxf1 $1 $19 29. Kxf1 Qxe3 {[#] And now ...Nd3 would win.} 30. Be4 {[%cal Rc2c8]} g6 {Hoping for ...Nh5.} 31. Qc8+ $2 (31. Bf3) 31... Kg7 {( -> ...Qe2+)} 32. Qc4 Nh5 {Accuracy: White = 52%, Black = 70%.} 0-1

[Event "North American-ch Juniors Open U20 2020"]
[Site "Charlotte"]
[Date "2020.12.21"]
[Round "5.10"]
[White "Tsay, Vincent"]
[Black "Shevkunov, Vladyslav"]
[Result "1-0"]
[WhiteElo "2266"]
[BlackElo "1945"]
[Annotator "TA"]
[PlyCount "77"]
[EventDate "2020.12.06"]
[EventType "swiss"]
[EventCountry "USA"]
[SourceTitle "playchess.com"]
[Source "ChessBase"]
[SourceQuality "1"]

{[%evp 9,77,-4,0,0,66,66,54,59,57,50,48,27,25,4,15,27,10,12,23,17,20,3,15,14,28,24,35,40,43,-2,55,55,47,47,50,45,43,27,47,53,63,64,204,223,213,208,216,219,224,215,254,214,249,245,263,256,252,273,637,636,627,627,620,617,596,567,583,575,710,668]} 1. d4 d5 2. Bf4 Nf6 3. e3 c5 4. c3 Nc6 5. Nd2 Bf5 6. Qb3 {D00: 1 d4 d5: Unusual lines.} Qb6 (6... Qd7 $11) 7. dxc5 $14 Qxb3 8. axb3 {[%cal Ba2b3,Bb3b4,Bb4b5][%mdl 32] White is slightly better.} e5 9. Bg3 Bxc5 10. b4 {10.Ngf3 injects fresh life into this line.} Bd6 11. b5 Ne7 12. Ngf3 Nd7 13. Be2 f6 14. O-O {[#]} g5 $146 ({Predecessor:} 14... O-O 15. Rfd1 Bc2 16. Rdc1 Bg6 17. Rd1 Bc2 18. Rdc1 Bg6 19. c4 Bf7 20. cxd5 Nxd5 {½-½ (56) Kosic,D (2488)-Skoberne,J (2492) Novi Sad 2009}) 15. Ne1 Bg6 16. f3 Bc5 17. Bf2 Nf5 18. Nc2 $1 Nd6 19. Rac1 Bxc2 (19... Ke7 $11) 20. Rxc2 Nf5 $1 21. e4 Ne3 22. Bxe3 Bxe3+ 23. Kh1 Bxd2 24. Rxd2 dxe4 25. fxe4 {Hoping for Bg4.} Nc5 {This move loses the game for Black.} ({Better is} 25... Ke7 $14) 26. Rd5 $18 (26. Rxf6 Rd8) 26... Nd7 27. Bg4 Nb6 {[#] Threatens to win with ...h5.} 28. Rd6 ({Stronger than} 28. Rxf6 Nxd5 29. exd5 h5 $15) 28... O-O 29. h3 ({Much less strong is} 29. Rdxf6 $6 Rxf6 30. Rxf6 Rf8 $16) 29... Kg7 30. Rfd1 Rf7 31. b3 Rc7 32. c4 Re8 33. Ra1 Nc8 $2 {[#]} (33... Rce7 34. Rxa7 Nc8 35. Bxc8 Rxc8) 34. Rd7+ {White is clearly winning.} Re7 35. Rxc7 Rxc7 36. Bxc8 Rxc8 37. Rxa7 f5 38. Rxb7+ Kf6 39. Rb6+ {Weighted Error Value: White=0.05/Black=0.31} 1-0

[Event "North American-ch Juniors Open U20 2020"]
[Site "Charlotte"]
[Date "2020.12.22"]
[Round "6.1"]
[White "Liang, Jason"]
[Black "Wu, Derek"]
[Result "1/2-1/2"]
[WhiteElo "2317"]
[BlackElo "2106"]
[Annotator "TA"]
[PlyCount "250"]
[EventDate "2020.12.06"]
[EventType "swiss"]
[EventCountry "USA"]
[SourceTitle "playchess.com"]
[Source "ChessBase"]
[SourceQuality "1"]

{[%evp 9,250,0,14,0,8,1,14,0,12,0,0,13,37,13,16,-40,-51,-36,-44,-34,-38,-36,51,25,110,102,103,60,86,71,85,47,35,45,44,52,49,47,49,0,0,0,0,0,0,-28,-19,-29,-25,-14,-2,-26,-31,-74,-75,-69,-38,-77,-52,-99,-48,-61,-56,-82,-72,-106,-107,-122,-117,-137,-136,-153,-145,-144,-126,-372,-107,-296,-279,-376,-394,-295,-66,-100,-45,-46,-45,-46,-43,-39,-39,-39,-42,-39,-39,-43,-45,-54,-8,-8,-8,-8,-8,-8,-8,-8,-7,-8,-8,-8,-8,-30,-8,-8,-8,-8,-8,-8,-8,-8,-8,-14,-8,-8,-8,-8,-8,-8,-8,-14,-8,-69,-67,-43,-8,-8,-8,-29982,-29983,-29982,-80,-80,-80,-80,-80,-80,-80,-80,-80,-80,-77,-77,-77,-77,-77,-77,-77,-77,-77,-80,-70,-70,-69,-69,-69,-69,-69,-69,-8,-8,-8,-8,-8,-8,-8,-8,-8,-29986,-29987,-29990,-29979,-29978,-29980,-29988,-69,-69,-8,-8,-8,-8,-8,-8,-8,-8,-8,-8,0,0,0,0,0,0,0,0,0,0,0,0,0,0,0,-8,0,0,0,0,0,0,0,0,0,-8,0,-8,0,0,0,0,0,0,0,-8,0,0,0,0,0,0,0,0,0,0,0]} 1. e4 c5 2. Nc3 d6 3. d4 cxd4 4. Qxd4 Nc6 5. Qd2 g6 6. b3 {B23: Closed Sicilian: Lines without g3.} Bh6 7. f4 Nf6 8. Bb2 O-O 9. O-O-O e5 10. g3 Nd4 11. Kb1 b5 {[#]} 12. Nxb5 $146 ({Better is} 12. Bg2 $11) ({Predecessor:} 12. Bg2 Bb7 13. Nge2 b4 14. Na4 Nxe4 15. Bxe4 Bxe4 16. Nxd4 Bxh1 17. Rxh1 exd4 18. Qxd4 {0-1 (99) Morozevich,A (2659)-Zakhartsov,V (2519) Skolkovo 2019}) 12... Nxb5 $15 13. Bxb5 Bb7 14. Ne2 Nxe4 15. Qe3 $1 Qe7 (15... Qa5 $15 16. a4 a6) 16. Rhe1 Rac8 (16... d5 $11) 17. Bd3 $16 Nc5 18. Bc4 Na4 19. Ba3 $1 {[%cal Ra3d6]} ({But not} 19. bxa4 Rxc4 20. Qa3 Bg7 $17) (19. Qxa7 $2 Nxb2 20. Kxb2 Ra8 $19) 19... Rfd8 20. Qxe5 (20. Qxa7 {feels hotter.} Ra8 21. Qf2 Bg7 22. Bb4 Rac8 23. fxe5 Rxc4 24. bxc4 Qxe5 25. Nd4) 20... Qxe5 21. fxe5 Nb6 22. exd6 Nxc4 23. bxc4 Rxc4 24. d7 Bc6 25. Nc1 {aiming for Nb3.} Bf8 ({Reject} 25... Bxd7 $6 26. Rxd7 $1 {[%mdl 512]} Rxd7 27. Re8+ Kg7 28. Bf8+ Kf6 29. Bxh6 $16) ({Not} 25... Rxd7 $2 26. Re8+ Bf8 27. Rxd7 $18) 26. Bxf8 Kxf8 27. Nd3 Be4 28. Re2 $1 {Ne5 is the strong threat.} Rxd7 29. Nb2 $1 Rb7 {Black wants to play ...Rcb4.} 30. Kc1 Rcb4 31. c3 Rc7 32. Re3 {With the idea a3.} f5 33. Rd8+ Kg7 34. h4 Rb6 (34... Kh6 $17 35. Rd6 Kh5) 35. Rd4 Kf6 36. Ra4 h6 37. c4 Rcb7 38. Re2 g5 39. hxg5+ hxg5 {And now ...Rh7 would win.} 40. Rh2 Kg6 41. Ra5 Rd6 42. Re5 $2 (42. Ra4 $17 {was necessary.}) 42... g4 $2 (42... Ra6 $19 43. Rb5 Rxb5 44. cxb5 Ra3) 43. Re8 $2 (43. Ra5 $17 {was forced.}) 43... Ra6 $19 44. a4 Rab6 45. Reh8 {[#]} Rg7 $2 (45... f4 $1 $19 {[%mdl 512]} 46. R8h4 (46. gxf4 g3) 46... Kf5 47. Rh5+ Kf6 48. Rh6+ Kg7 49. Rxb6 Rxb6) 46. R2h6+ Kf7 (46... Kg5 $17 47. Rxb6 axb6) 47. Rxb6 $1 $15 axb6 {[%mdl 4096] Endgame KRB-KRN} 48. Nd1 {[#]} f4 $1 {[%mdl 512]} 49. gxf4 g3 50. Ne3 $1 g2 {[#]} 51. Nxg2 $1 {[%mdl 512]} Rxg2 {KRB-KR} (51... Bxg2 52. Rh6) 52. Rb8 Rc2+ 53. Kd1 Rxc4 {Threatens to win with ...Rc6.} 54. Rxb6 Rxa4 55. Kd2 Ra3 56. Ke2 Bf5 57. Kf2 Be6 58. Rb5 Kf6 59. Re5 Bg4 60. Kg2 Bf3+ 61. Kf2 {Cut Off at move 61} Ba8 62. Ke2 Bb7 63. Rc5 Ra4 64. Rc7 Bd5 65. Rc5 Ke6 66. f5+ Kd6 67. Rc8 Rf4 68. Rd8+ Ke5 69. Kd3 Rf3+ 70. Kc2 (70. Ke2 $11) 70... Kd4 71. Kd2 Rf2+ 72. Ke1 Rh2 {Hoping for ...Ke3.} 73. Re8 $2 {[%mdl 8192]} (73. Kf1 $11) 73... Be4 $1 74. Kd1 Kd3 $2 (74... Ke3 75. Kc1 Rc2+ 76. Kd1 Rc5 77. Re7 Rc8 78. f6 Rd8+ 79. Ke1 Rb8 80. Rxe4+ Kxe4 81. Kd2 Rf8 82. Kc3 Rxf6 83. Kc4 Rc6+ 84. Kb5 Kd5 85. Kb4 Kd4 86. Kb5 Rf6 87. Kb4 Rb6+ 88. Ka5 Kc5 89. Ka4 Kc4 90. Ka3 Rb7 91. Ka2 Kc3 92. Ka1 Kc2 93. Ka2 Ra7#) 75. Kc1 $17 Bxf5 76. Re5 Be4 77. Re8 Rc2+ 78. Kb1 Rc5 79. Rb8 Kc3+ 80. Kc1 Bd3 {White must now prevent ...Rh5.} 81. Rb2 Rh5 {[%cal Rh5h1]} 82. Rc2+ Kd4 83. Rb2 Ke3 {[%cal Rh5h1]} 84. Rg2 Rb5 {[%csl Gd3][%cal Rb5b1]} 85. Rg3+ Kd4 86. Kd2 Rb2+ 87. Ke1 Rh2 88. Rf3 Re2+ ({Black should play} 88... Be4 $15 89. Rf2 Rh3) 89. Kf1 $1 $11 Rb2+ 90. Kg1 Be4 91. Rf2 Rb1+ 92. Rf1 Rb6 93. Rf2 $2 {[%mdl 8192]} (93. Kh2 $11) 93... Ke3 94. Ra2 Rg6+ 95. Kh2 {[#]} Kf4 $1 96. Ra7 {[#]} Rg8 $2 (96... Rg2+ $1 {mates} 97. Kh3 Rd2 98. Rf7+ Bf5+ 99. Rxf5+ Kxf5 100. Kg3 Ke4 101. Kg4 Rg2+ 102. Kh4 Kf3 103. Kh5 Kf4 104. Kh6 Kf5 105. Kh7 Kf6 106. Kh8 Kf7 107. Kh7 Rh2#) 97. Rf7+ $15 Ke3 (97... Kg4 $15) 98. Kh3 $11 {The position is equal.} Bf3 99. Rf6 Kf2 100. Kh4 Rg1 101. Rf4 Ke3 102. Rf6 Ke4 103. Kh3 Rg7 104. Kh4 Bd1 105. Rd6 Bc2 106. Rd2 Bd3 107. Rf2 Bc4 108. Rf6 Ke5 109. Rf3 (109. Rb6 {seems wilder.} Rh7+ 110. Kg4 Bd5 111. Kg3 Rg7+ 112. Kf2) 109... Be6 110. Rg3 Rf7 111. Kg5 Rf5+ 112. Kh4 Kf4 113. Rg4+ Kf3 114. Rg3+ Kf2 {( -> ...Rf4+)} 115. Rg5 Rf6 116. Rg7 Kf3 117. Rg3+ Kf4 {[%cal Rf6h6]} 118. Rg4+ Ke5 (118... Ke3 {keeps more tension.} 119. Rg3+ Kd2 120. Rg5 Rf7 121. Rg2+ Kc3) 119. Rg5+ Bf5 120. Kg3 Ra6 121. Kf3 $1 Ra3+ 122. Ke2 Kf4 123. Rg7 Ra2+ 124. Kd1 Ke3 {[%cal Ra2a1]} 125. Rg3+ Kd4 {Weighted Error Value: White=0.21/Black=0.30} 1/2-1/2

[Event "North American-ch Juniors Open U20 2020"]
[Site "Charlotte"]
[Date "2020.12.22"]
[Round "6.2"]
[White "Paul, Justin"]
[Black "Chasin, Nico"]
[Result "0-1"]
[WhiteElo "2267"]
[BlackElo "2303"]
[Annotator "TA"]
[PlyCount "82"]
[EventDate "2020.12.06"]
[EventType "swiss"]
[EventCountry "USA"]
[SourceTitle "playchess.com"]
[Source "ChessBase"]
[SourceQuality "1"]

{[%evp 11,81,18,16,2,17,17,16,16,11,-2,-9,-34,42,42,41,-20,-22,-39,-7,0,0,-26,66,59,68,75,70,78,81,69,81,68,76,68,73,58,143,157,218,0,0,0,0,0,150,147,156,146,137,142,303,0,-22,-1246,-1121,-1091,-1126,-29984,-29985,-29985,-29986,-29990,-29987,-29987,-29988,-29992,-29993,-29993,-29994,-29994,-29995,-29999]} 1. e4 c5 2. Nf3 e6 3. b3 Nf6 4. e5 Nd5 5. c4 Ne7 6. Bb2 Nbc6 7. Bd3 {B40: Sicilian: 2...e6, Unusual lines.} d5 8. exd6 Qxd6 9. Be4 {The position is equal.} e5 {[#]} 10. O-O $146 ({Predecessor:} 10. Qe2 f6 11. Nc3 Be6 12. Qd3 Qxd3 13. Bxd3 O-O-O 14. Bc2 Nb4 15. O-O-O Nxc2 16. Kxc2 {0-1 (35) Van Zandwijk,J (2264)-Janssen,R (2437) Vlissingen 2001}) 10... f6 11. Nc3 Bg4 (11... Be6 $1 $15) 12. h3 $14 Be6 13. Nb5 (13. Ba3 $14) 13... Qd7 $11 14. Ne1 a6 15. Nc3 f5 16. Bf3 b6 (16... O-O-O $11) 17. Na4 $14 Rb8 18. Qe2 $1 Qd6 19. Rc1 Nd4 20. Bxd4 Qxd4 21. Nc2 Qd6 $1 22. Rfe1 $36 {[%mdl 2048] White has some pressure.} Ng6 $1 23. Bh5 e4 {[#]} ({Better is} 23... Kf7 $14) 24. d3 $1 $16 {[%cal Rd3e4][%mdl 512]} Qe5 {[#]} (24... Be7 $16 25. dxe4 f4) (24... Qxd3 25. Qxd3) 25. dxe4 $2 (25. g3 $1 $18) 25... Bd6 $11 {( -> ...Qh2+)} 26. f4 Qxf4 27. exf5 {[%mdl 64] Pin} Qh2+ (27... O-O $1 $11 28. Qxe6+ {[%mdl 64] Double Attack} Kh8 29. Bxg6 hxg6) 28. Kf1 $16 O-O 29. Qxe6+ {[%mdl 64] Double Attack} Kh8 {White must now prevent ...Nf4!} 30. Bxg6 hxg6 $2 (30... Bg3 $16 31. Ne3 (31. Nxb6 hxg6 32. Qxg6 Qh1+ 33. Ke2 Qxg2+ 34. Kd3 Qf3+ 35. Ne3 Bxe1 $16) 31... hxg6 32. Qxg6 Rbe8 33. Qh5+ (33. Nxb6 Re4 $17) 33... Kg8) 31. Ne3 $2 (31. Qxg6 $18 Qf4+ 32. Ke2) 31... Rbe8 {[%cal Bb8e8,Be8e3,Be3g3][%mdl 32]} 32. Qxg6 $2 {[%mdl 8192]} (32. Ng4 $11 Qf4+ {[%mdl 64] Double Attack} 33. Kg1 Rxe6 34. fxe6) 32... Qf4+ $19 {[%mdl 64] Double Attack} 33. Kg1 Rxe3 34. Qg4 Qh2+ {Black mates.} 35. Kf2 Rg3 {[%csl Gg3][%cal Rh2g2][%mdl 64] Double Attack} 36. Qh5+ Kg8 {[%csl Gg3][%cal Rh2g2]} 37. Rg1 {[#]} g6 $1 {[%mdl 512]} 38. Qh4 Rxf5+ 39. Ke2 Rxg2+ 40. Rxg2 Qxg2+ 41. Ke1 Rf1# {Weighted Error Value: White=0.65/Black=0.32} 0-1

[Event "North American-ch Juniors Open U20 2020"]
[Site "Charlotte"]
[Date "2020.12.22"]
[Round "6.3"]
[White "Sandoval Mercado, Carlos"]
[Black "Quiroga Jaquez, Angel Ivan"]
[Result "1-0"]
[WhiteElo "2298"]
[BlackElo "2178"]
[Annotator "TA"]
[PlyCount "101"]
[EventDate "2020.12.06"]
[EventType "swiss"]
[EventCountry "USA"]
[SourceTitle "playchess.com"]
[Source "ChessBase"]
[SourceQuality "1"]

{[%evp 9,101,18,54,55,33,33,41,45,47,47,50,50,58,41,83,86,188,190,293,306,327,309,256,144,147,157,137,161,154,147,143,144,156,153,155,142,151,153,176,82,217,158,161,151,234,127,266,99,220,197,210,76,148,157,206,203,177,180,156,178,758,744,29997,0,95,0,29997,933,1629,1559,29977,29978,29972,1928,2219,1913,29972,29973,1652,0,792,768,1516,1376,979,739,733,736,731,720,783,685,882,875]} 1. d4 Nf6 2. Nc3 d5 3. Bf4 c6 4. f3 g6 5. Qd2 Bg7 6. e4 {D00: 1 d4 d5: Unusual lines.} dxe4 7. fxe4 Nh5 8. Be3 {[#] White is slightly better.} e5 $146 {[%cal Re5d4]} ({Predecessor:} 8... Nf6 9. Nf3 O-O 10. Bh6 Qa5 11. Bxg7 Kxg7 12. a3 b5 13. Bd3 Bb7 14. O-O Qb6 {1-0 (51) De la Plaza Gras,J (1978)-Martinez Hernandez,E (1808) Barcelona 2017}) 9. d5 cxd5 10. Nxd5 Nc6 11. O-O-O Be6 12. Qe1 Qc8 (12... O-O $16 {was called for.}) 13. Bb5 $1 $18 f6 (13... Qd8 $142 14. Nb6 Qe7 15. Nxa8 O-O 16. Bxc6 bxc6) 14. Nf3 Rf8 15. Rf1 Rf7 16. Kb1 (16. Bc5 $18) 16... Kf8 $16 17. Bc5+ Kg8 18. Bxc6 Qxc6 19. Ne7+ $1 Rxe7 20. Bxe7 Rc8 21. Rd8+ Rxd8 22. Bxd8 Bf8 23. Nd2 b6 24. Nb3 (24. Qe3 $18 {is more deadly.}) 24... a5 (24... Kf7 $16) 25. Qf2 a4 26. Nc1 (26. Qxb6 Qxb6 27. Bxb6 axb3 $11) 26... Bc5 (26... Qxe4 $16 {keeps fighting.} 27. Bxf6 (27. Qxb6 Bf5 $16) (27. Bxb6 Qd5 $14) 27... Nxf6) 27. Qh4 (27. Qf3 $18) 27... Qb5 (27... Bd4 $16 28. Rf3 (28. Bxf6 $2 Bxa2+ {[%mdl 64] Deflection} 29. Kxa2 Qxc2 $19 {[%mdl 64] Double Attack}) 28... f5) 28. Rd1 $2 (28. Rf3 $1 $18 {and the rest is easy.}) 28... Bd4 {[#]} (28... Ba3 $16 29. b3 (29. Nd3 $2 Bxb2 30. Be7 Ba3+ {[%mdl 64] Discovered Attack} 31. Bb4 Bxb4 $19) 29... Qc5) 29. Rxd4 $1 $18 {[%mdl 512]} exd4 30. g4 (30. Bxf6 $18 Nxf6 31. Qxf6 {[%mdl 64] Double Attack}) 30... a3 ({Black should try} 30... Qd7) 31. b3 $16 d3 32. Nxd3 ({Inferior is} 32. gxh5 d2 $15) 32... Bc4 33. gxh5 Bxd3 34. Qxf6 Qxh5 $2 (34... Bxe4 35. hxg6 (35. Bxb6 Bxc2+ 36. Kxc2 Qe2+ {[%mdl 64] Double Attack} 37. Kc1 Qe1+ 38. Kc2 Qe2+ {[%mdl 64] Double Attack} 39. Kc1 Qe1+ 40. Kc2 Qe2+ $11 {[%mdl 64] Double Attack}) 35... hxg6) 35. Qe6+ $18 Kf8 36. Qf6+ $2 (36. Be7+ {mates} Kg7 37. Qf6+ Kh6 38. Qf8#) 36... Kg8 $16 {[%cal Rh5d1]} 37. Qe6+ $2 {[%mdl 8192]} (37. Kc1 $16 Qc5 38. Qe6+ Kf8 {[#]} 39. Be7+ $1 {[%mdl 512]} Qxe7 40. Qxe7+ Kxe7 41. cxd3) 37... Kf8 $1 {[%cal Rh5d1]} 38. Qd6+ (38. Be7+ $142 Kg7 39. Qf6+ Kh6 40. Qf8#) 38... Kf7 39. Qxd3 {White wants to mate with Qd7+.} Qxh2 40. Qd7+ Kg8 41. Qe8+ (41. Qe6+ $142 Kg7 42. Bg5 Qh1+ 43. Bc1 g5 44. e5 Qf3 45. Qd7+ Kg6 46. Qd6+ Kh5 47. Qd8) 41... Kg7 $18 42. Qe7+ {[%mdl 64] Double Attack} Kg8 43. Qe6+ {[%mdl 64] Double Attack} Kg7 44. Qe7+ Kg8 $1 {[%cal Rh2h1]} 45. Qxa3 {White is clearly winning.} Qh1+ 46. Qc1 Qxe4 47. Bf6 Kf7 48. Bc3 h5 49. Qg5 Ke6 50. Qf6+ Kd5 51. Qxb6 {Accuracy: White = 61%, Black = 45%.} 1-0

[Event "North American-ch Juniors Open U20 2020"]
[Site "Charlotte"]
[Date "2020.12.22"]
[Round "6.4"]
[White "Asaria, Danial"]
[Black "Chen, Ryo"]
[Result "1-0"]
[WhiteElo "2284"]
[BlackElo "2165"]
[Annotator "TA"]
[PlyCount "89"]
[EventDate "2020.12.06"]
[EventType "swiss"]
[EventCountry "USA"]
[SourceTitle "playchess.com"]
[Source "ChessBase"]
[SourceQuality "1"]

{[%evp 21,89,30,49,31,39,36,38,35,47,2,30,30,42,6,15,14,12,16,14,12,12,12,12,2,18,0,0,0,0,0,0,0,7,29,81,77,43,8,145,75,202,210,557,536,1150,1087,1209,1162,1033,232,5197,3461,5406,5406,29970,29972,29969,6195,5302,0,29969,29969,29976,29970,29991,29992,29992,29993,29993,29994]} 1. d4 Nf6 2. Nf3 g6 3. c4 Bg7 4. Nc3 O-O 5. Bg5 d6 6. e3 Nbd7 7. Be2 e5 8. Qc2 c6 9. Rd1 Qc7 10. O-O Re8 11. dxe5 dxe5 12. Nd2 {E61: King's Indian: Early deviations for White, including Smyslov System.} Nf8 13. Bh4 Bf5 14. Qc1 {[#] White is slightly better.} N8d7 $146 {[%cal Bf8d7,Bd7c5,Bc5d3][%mdl 32]} ({Predecessor:} 14... Rad8 15. a3 h5 16. c5 N8h7 17. Nc4 Be6 18. Nd6 Rf8 19. Qc2 g5 20. Bg3 Nd7 {1-0 (36) Bruzon Batista,L (2652)-Jobava,B (2646) Turin 2006}) 15. Rfe1 h5 16. h3 Nc5 17. Bxf6 (17. b4 $5 {[%cal Rb4c5]} Nd3 18. Bxd3 Bxd3 19. Nb3 $11) 17... Bxf6 18. b4 Nd3 19. Bxd3 Bxd3 20. Nde4 Bxe4 21. Nxe4 Be7 22. c5 Rad8 23. Qc4 Rxd1 24. Rxd1 Rd8 25. Rd3 Rxd3 26. Qxd3 f5 27. Nd6 Kf8 (27... Bxd6 $11 {remains equal.} 28. cxd6 (28. Qxd6 Qxd6 29. cxd6 Kf7 $17) 28... Qd7) 28. Nc4 b5 {White must now prevent ...e4.} 29. Na5 (29. cxb6 $5 axb6 30. Qc3 $14) 29... Kf7 {[#] White leaves nothing to chance now.} (29... Bxc5 $11 30. bxc5 Qxa5) 30. Qb3+ (30. a4 $142 $1 {[%mdl 512]}) 30... Kf6 (30... Kg7 $16 {is a better defense.}) 31. Qg8 $18 e4 $2 (31... h4 {is tougher.} 32. Qh8+ Kf7) 32. Qe8 Bxc5 33. bxc5 Qxa5 34. Qxc6+ {[%mdl 4096] Endgame KQ-KQ} Kg7 35. Kh2 $2 {[#]} (35. Qb7+ Kh6 36. Qb8) 35... h4 $2 ({Don't blunder} 35... Qxa2 $2 36. Qd7+ Kh6 37. c6 $18) (35... Qd2 36. Qxb5 h4) 36. Qd6 Qc3 37. c6 Kh6 38. c7 Kh5 39. Qd1+ (39. Qe7 $142 a6 40. g3 Kh6 41. Qxh4+ Kg7 42. Qe7+ Kh8 43. Qf8+ Kh7 44. c8=Q Qxc8 45. Qxc8) 39... Kh6 40. Qd6 (40. Qd8 $18 Qe5+ 41. g3 hxg3+ 42. Kg2) 40... Kh5 41. Qe7 {White mates.} Qc1 42. Qd8 Qc3 43. c8=Q Qe5+ 44. g3 hxg3+ 45. Kg2 {Weighted Error Value: White=0.66/Black=0.53} 1-0

[Event "North American-ch Juniors Open U20 2020"]
[Site "Charlotte"]
[Date "2020.12.22"]
[Round "6.5"]
[White "Stearman, Josiah"]
[Black "Park, Evan"]
[Result "1-0"]
[WhiteElo "2391"]
[BlackElo "2173"]
[Annotator "TA"]
[PlyCount "45"]
[EventDate "2020.12.06"]
[EventType "swiss"]
[EventCountry "USA"]
[SourceTitle "playchess.com"]
[Source "ChessBase"]
[SourceQuality "1"]

{[%evp 20,45,0,0,0,-5,111,128,114,115,102,93,277,211,397,174,177,122,374,375,410,378,357,372,803,764,914,904]} 1. d4 Nf6 2. c4 e6 3. Nc3 Bb4 4. e3 O-O 5. Bd3 d5 6. Nf3 b6 7. cxd5 exd5 8. O-O Bb7 9. Ne5 Bd6 10. f4 c5 11. Qf3 Nc6 {E52: Nimzo-Indian: Rubinstein: 4...0-0 5 Nf3 d5 6 Bd3 b6.} 12. Qh3 {Strongly threatening Nxd5!} cxd4 {[#]} (12... h6 $11 {keeps the balance.}) 13. Nxd5 $146 {[%mdl 512]} ({Predecessor:} 13. Nxc6 Bxc6 14. exd4 Ne4 15. f5 Qf6 16. Be3 Rfe8 17. Rae1 h6 18. Qh5 Re7 19. Bb5 {1-0 (33) Arabidze,M (2428)-Cornette,D (2400) chess.com INT 2020}) 13... g6 {White is better.} (13... Nxd5 14. Qxh7#) 14. Nxf6+ $40 {[%mdl 192] Overworked Piece. White goes for the king.} Qxf6 15. Nd7 Qg7 $2 (15... Qd8 $16) 16. Nxf8 Rxf8 $2 (16... Bxf8 {was necessary.} 17. Bd2 Re8) 17. e4 (17. Qd7 $142) 17... Nb4 $18 18. f5 (18. Bd2 $18) 18... Qe5 $2 {[%mdl 8192]} (18... g5 $16) 19. Bf4 Qe7 {[#]} 20. f6 $1 Qxf6 21. Bh6 $1 {[%csl LRf6,LRf8][%mdl 64] Discovered Attack} Qe5 $2 (21... Qe6) 22. Bxf8 Bxf8 23. Bc4 {Weighted Error Value: White=0.36/Black=0.82} 1-0